[Event "Orsha op"]
[Site "Orsha"]
[Date "2019.01.18"]
[Round "1"]
[White "Gonov, Sergey"]
[Black "Krylov, Ivan"]
[Result "0-1"]
[WhiteElo "1905"]
[BlackElo "2441"]
[PlyCount "26"]
[EventDate "2019.01.18"]
[EventType "swiss"]
[EventRounds "9"]
[EventCountry "BLR"]
[SourceTitle "OM OTB B 201907"]
[Source "Opening Master"]
[SourceDate "2019.07.06"]
[SourceVersion "2"]
[SourceVersionDate "2019.07.06"]
[SourceQuality "1"]

1. e4 c5 2. Nf3 d6 3. d4 cxd4 4. Nxd4 Nf6 5. Nc3 Nc6 6. Be2 e5 7. Nb3 Be7 8.
Be3 a5 9. a4 O-O 10. O-O Nb4 11. f4 Be6 12. fxe5 dxe5 13. Nc5 Qb6 0-1

[Event "SVK-chT1W 1819"]
[Site "Slovakia"]
[Date "2019.01.13"]
[Round "6.6"]
[White "Bochnickova, Andrea"]
[Black "Sturc, Jan"]
[Result "1/2-1/2"]
[WhiteElo "2103"]
[BlackElo "1996"]
[PlyCount "156"]
[EventDate "2018.10.27"]
[EventType "team-tourn"]
[EventRounds "11"]
[EventCountry "SVK"]
[SourceTitle "OM OTB B 201907"]
[Source "Opening Master"]
[SourceDate "2019.07.06"]
[SourceVersion "2"]
[SourceVersionDate "2019.07.06"]
[SourceQuality "1"]
[WhiteTeam "Bratislava KSN"]
[BlackTeam "Bratislava Slovan II"]
[WhiteTeamCountry "SVK"]
[BlackTeamCountry "SVK"]

1. e4 c5 2. Nf3 d6 3. d4 cxd4 4. Nxd4 Nf6 5. Nc3 Nc6 6. Be2 e5 7. Nb3 Be6 8.
Bg5 Be7 9. Qd2 O-O 10. Rd1 Ne8 11. Bxe7 Nxe7 12. O-O Rc8 13. Qg5 h6 14. Qh4 Nf6
15. Qg3 Ng6 16. Qe3 a6 17. g3 Qc7 18. Rd2 Rfd8 19. Rfd1 Ne7 20. Bf3 b5 21. a3
Nc6 22. Nd5 Bxd5 23. exd5 Ne7 24. Bg2 Re8 25. Re2 Nf5 26. Qd3 g6 27. Bh3 e4 28.
Qd2 Re5 29. Bxf5 Rxf5 30. Qxh6 Qe7 31. Nd4 Rxd5 32. c3 Rh5 33. Qf4 Kg7 34. f3
Qe5 35. fxe4 Qxf4 36. gxf4 Re8 37. Rde1 Rh4 38. e5 Nd5 39. exd6 Rd8 40. f5 Rxd6
41. fxg6 Rg4+ 42. Rg2 Rxg2+ 43. Kxg2 Rxg6+ 44. Kf3 Kf6 45. Ke4 Nb6 46. Rf1+ Ke7
47. Rf2 Nc4 48. Kd5 Nb6+ 49. Kc5 Nd7+ 50. Kb4 Ne5 51. Re2 Kd6 52. a4 Nd3+ 53.
Ka5 bxa4 54. Kxa4 Rg1 55. Rd2 Nc5+ 56. Kb4 Rg4 57. c4 Ne4 58. Re2 a5+ 59. Kxa5
Kc5 60. Nb3+ Kxc4 61. Rxe4+ Rxe4 62. Nd2+ Kd4 63. Nxe4 Kxe4 64. b4 f5 65. b5 f4
66. b6 f3 67. b7 f2 68. b8=Q f1=Q 69. Qe8+ Kd5 70. Qd7+ Kc5 71. Qc7+ Kd5 72.
Qb7+ Kc5 73. Qb4+ Kd5 74. h4 Qa1+ 75. Kb6 Qf6+ 76. Ka5 Qa1+ 77. Qa4 Qxa4+ 78.
Kxa4 Ke5 1/2-1/2

[Event "RC-00233"]
[Site "LSS"]
[Date "2019.01.12"]
[Round "5.1"]
[White "Hollan, Petr"]
[Black "Alba Santana, C."]
[Result "0-1"]
[WhiteElo "2331"]
[BlackElo "2639"]
[PlyCount "40"]
[EventDate "2019.05.01"]
[SourceTitle "The Week in Chess 1262"]
[Source "Mark Crowther"]
[SourceDate "2019.01.14"]
[SourceVersion "1"]
[SourceVersionDate "2019.01.14"]
[SourceQuality "2"]

1. e4 c5 2. Nf3 Nc6 3. d4 cxd4 4. Nxd4 Nf6 5. Nc3 d6 6. Be2 e5 7. Nb3 Be7 8.
O-O O-O 9. Bg5 Be6 10. Bxf6 Bxf6 11. Nd5 Bg5 12. Bc4 Rc8 13. c3 Nb4 14. Nxb4
Bxc4 15. Re1 a5 16. Nc2 Qb6 17. Qb1 a4 18. Nc1 f5 19. Ne3 fxe4 20. b3 Bxe3 0-1

[Event "Brasilia Terraviva op"]
[Site "Brasilia"]
[Date "2019.01.11"]
[Round "3"]
[White "Sa, Antonio Villar Marq"]
[Black "Delgado Ramirez, Neuris"]
[Result "0-1"]
[WhiteElo "1925"]
[BlackElo "2623"]
[PlyCount "74"]
[EventDate "2019.01.10"]
[EventType "swiss"]
[EventRounds "7"]
[EventCountry "BRA"]
[SourceTitle "OM OTB B 201907"]
[Source "Opening Master"]
[SourceDate "2019.07.06"]
[SourceVersion "2"]
[SourceVersionDate "2019.07.06"]
[SourceQuality "1"]

1. e4 c5 2. Nf3 d6 3. d4 cxd4 4. Nxd4 Nf6 5. Nc3 Nc6 6. Be2 e5 7. Nb3 Be7 8.
Bg5 O-O 9. Qd2 a5 10. Bb5 Be6 11. Rd1 Rc8 12. Bxf6 Bxf6 13. Qxd6 Qxd6 14. Rxd6
Nb4 15. O-O Nxc2 16. Rfd1 Nd4 17. Nxd4 exd4 18. Nd5 Rc2 19. Nxf6+ gxf6 20.
R6xd4 Bxa2 21. R4d2 Rc5 22. Bd3 Bb3 23. Ra1 Rd8 24. Kf1 a4 25. Ke2 b5 26. Ke3
b4 27. f3 Kf8 28. g4 Ke7 29. Rg2 a3 30. bxa3 Rc3 31. Rd2 Bc4 32. Rad1 bxa3 33.
Ke2 Rcxd3 34. Rxd3 Rxd3 35. Rxd3 Bxd3+ 36. Kxd3 a2 37. Kc2 a1=Q 0-1

[Event "Brasilia Terraviva op"]
[Site "Brasilia"]
[Date "2019.01.10"]
[Round "1"]
[White "Born, Ary"]
[Black "Labussiere, Yago"]
[Result "0-1"]
[WhiteElo "1338"]
[BlackElo "1982"]
[PlyCount "34"]
[EventDate "2019.01.10"]
[EventType "swiss"]
[EventRounds "7"]
[EventCountry "BRA"]
[SourceTitle "OM OTB B 201907"]
[Source "Opening Master"]
[SourceDate "2019.07.06"]
[SourceVersion "2"]
[SourceVersionDate "2019.07.06"]
[SourceQuality "1"]

1. e4 c5 2. Nf3 Nc6 3. d4 cxd4 4. Nxd4 Nf6 5. Nc3 d6 6. Be2 e5 7. Nb3 Be7 8. h3
a5 9. a4 O-O 10. g4 Be6 11. Be3 d5 12. Nc5 d4 13. Nxe6 fxe6 14. Nb5 dxe3 15.
Qxd8 Raxd8 16. fxe3 Nxe4 17. Nc7 Bh4# 0-1

[Event "Oceania Zonal 2019"]
[Site "Tumon GUM"]
[Date "2019.01.07"]
[Round "1.6"]
[White "Krishna, Pandava"]
[Black "Krnan, T."]
[Result "0-1"]
[WhiteElo "1131"]
[BlackElo "1842"]
[PlyCount "74"]
[EventDate "2019.02.18"]
[EventType "swiss"]
[EventRounds "9"]
[EventCountry "GMA"]
[SourceTitle "The Week in Chess 1266"]
[Source "Mark Crowther"]
[SourceDate "2019.02.12"]
[SourceVersion "1"]
[SourceVersionDate "2019.02.12"]
[SourceQuality "2"]

1. e4 c5 2. Nf3 Nc6 3. d4 cxd4 4. Nxd4 Nf6 5. Nc3 d6 6. Be2 e5 7. Nb3 Be7 8.
Be3 O-O 9. O-O Be6 10. f3 a5 11. a4 Nb4 12. Nb5 d5 13. c3 Nc6 14. Qc2 Rc8 15.
Rac1 dxe4 16. Rfd1 Qe8 17. fxe4 Nb4 18. Qb1 Bxb3 19. cxb4 Bxd1 20. Rxd1 Bxb4
21. Bd2 Qc6 22. Bxb4 axb4 23. Bf3 Rfd8 24. Kh1 Rxd1+ 25. Qxd1 Qc1 26. Nd6 Qxd1+
27. Bxd1 Rc1 28. h3 Rxd1+ 29. Kh2 Rxd6 30. Kg3 Rd2 31. Kf3 Rxb2 32. g4 b3 33.
g5 Rc2 34. gxf6 b2 35. fxg7 b1=Q 36. h4 h5 37. a5 Qb3# 0-1

[Event "7th Oviedo Open 2019"]
[Site "Oviedo ESP"]
[Date "2019.01.05"]
[Round "6.16"]
[White "Dubuc, Serge"]
[Black "Subedi, Rajan"]
[Result "0-1"]
[WhiteElo "2124"]
[BlackElo "2125"]
[PlyCount "98"]
[EventDate "2019.07.15"]
[EventType "swiss"]
[EventRounds "9"]
[EventCountry "ESP"]
[SourceTitle "The Week in Chess 1262"]
[Source "Mark Crowther"]
[SourceDate "2019.01.14"]
[SourceVersion "1"]
[SourceVersionDate "2019.01.14"]
[SourceQuality "2"]

1. e4 c5 2. Nf3 Nc6 3. d4 cxd4 4. Nxd4 Nf6 5. Nc3 d6 6. Be2 e5 7. Nb3 Be7 8.
Be3 Be6 9. g4 d5 10. exd5 Nxd5 11. Nxd5 Bxd5 12. Bf3 Bxf3 13. Qxf3 O-O 14. Rd1
Qc7 15. c3 Rad8 16. O-O Rxd1 17. Rxd1 Rd8 18. Rd5 h6 19. Qd1 Rxd5 20. Qxd5 Qc8
21. f3 Qd8 22. Qxd8+ Bxd8 23. Kf1 Kf8 24. Ke2 Ke7 25. Bc5+ Ke8 26. Kd3 g6 27.
Ke4 Bg5 28. Bf2 Bf4 29. h3 b6 30. Bh4 Kd7 31. Kd5 f5 32. Bf6 h5 33. Na1 Ne7+
34. Bxe7 Kxe7 35. Nc2 Kf6 36. Ne1 hxg4 37. hxg4 fxg4 38. fxg4 Kg5 39. Ke4 Kxg4
40. Kd3 Kg3 41. Ke2 e4 42. b4 b5 43. Nc2 g5 44. Na3 a6 45. c4 bxc4 46. Nxc4 g4
47. a4 Kh2 48. a5 g3 49. b5 g2 0-1

[Event "7th Oviedo Open 2019"]
[Site "Oviedo ESP"]
[Date "2019.01.05"]
[Round "6.6"]
[White "Drygalov, Andrey"]
[Black "Baltar, Petrov Ferreira"]
[Result "0-1"]
[WhiteElo "2304"]
[BlackElo "2249"]
[PlyCount "136"]
[EventDate "2019.07.15"]
[EventType "swiss"]
[EventRounds "9"]
[EventCountry "ESP"]
[SourceTitle "The Week in Chess 1262"]
[Source "Mark Crowther"]
[SourceDate "2019.01.14"]
[SourceVersion "1"]
[SourceVersionDate "2019.01.14"]
[SourceQuality "2"]

1. e4 c5 2. Nf3 d6 3. d4 cxd4 4. Nxd4 Nf6 5. Nc3 Nc6 6. Be2 e5 7. Nf3 h6 8. O-O
Be7 9. b3 Be6 10. Bb2 O-O 11. Nd2 Rc8 12. a4 Nd4 13. Bd3 d5 14. exd5 Nxd5 15.
Nxd5 Bxd5 16. Nc4 Bc5 17. Qh5 e4 18. Ne3 exd3 19. Nxd5 dxc2 20. b4 f5 21. bxc5
Qxd5 22. Rac1 Qxc5 23. Rfe1 Nb3 24. Qg6 Nd4 25. Rxc2 Qxc2 26. Bxd4 Qc7 27. Bxa7
Qe7 28. Kf1 Qf7 29. Qxf7+ Kxf7 30. Rb1 Rc7 31. Bb6 Rd7 32. g3 Re8 33. a5 Re5
34. Kg2 Red5 35. Rb4 g5 36. h4 g4 37. Rc4 Rb5 38. Rc1 h5 39. Ra1 Ke6 40. Re1+
Re5 41. Rb1 Red5 42. Re1+ Kf6 43. Re8 Rd1 44. Rf8+ Kg6 45. Rg8+ Rg7 46. Re8 Rb1
47. Re6+ Kh7 48. Rf6 Rb5 49. Rf8 Rd7 50. Re8 Rb1 51. Re2 Kg6 52. Re6+ Kg7 53.
Re2 Rdd1 54. f3 Rd7 55. fxg4 hxg4 56. Ra2 Rb3 57. Rf2 Kf6 58. Re2 Rbd3 59. Be3
Kf7 60. Bf4 R3d5 61. Ra2 Rb5 62. Kf2 Rd3 63. a6 Rf3+ 64. Ke2 bxa6 65. Rxa6 Rb2+
66. Ke1 Rff2 67. Ra7+ Ke6 68. Ra6+ Kd5 0-1

[Event "16th South Wales Int 2019"]
[Site "Cardiff WLS"]
[Date "2019.01.04"]
[Round "8.45"]
[White "Ay, Irfan Arda"]
[Black "Cherniaiev, Tykhon"]
[Result "1/2-1/2"]
[WhiteElo "2334"]
[BlackElo "2281"]
[PlyCount "93"]
[EventDate "2019.07.07"]
[EventType "swiss"]
[EventRounds "9"]
[EventCountry "WLS"]
[SourceTitle "CBM 189"]
[Source "ChessBase"]
[SourceDate "2019.04.29"]
[SourceVersion "1"]
[SourceVersionDate "2019.04.29"]
[SourceQuality "1"]

1. e4 c5 2. Nf3 d6 3. Nc3 Nc6 4. d4 cxd4 5. Nxd4 Nf6 6. Be2 e5 7. Nb3 Be7 8.
O-O O-O 9. f4 exf4 10. Bxf4 Be6 11. Kh1 Rc8 12. Nd4 Nxd4 13. Qxd4 Qa5 14. a4
Rfd8 15. Bd3 Qc5 16. Qxc5 dxc5 17. Be2 c4 18. Bf3 Bc5 19. h3 Nd7 20. Nb5 f6 21.
Bc7 Re8 22. Bd6 a6 23. Bxc5 Rxc5 24. Nd4 Ne5 25. Be2 Bf7 26. Nf5 Bg6 27. Nd6
Re7 28. Rfd1 Rd7 29. Rd4 Kf8 30. Rad1 Bf7 31. c3 Be6 32. g4 g6 33. Nxc4 Rxd4
34. cxd4 Bxc4 35. Bxc4 Rxc4 36. dxe5 fxe5 37. Rd7 Rxa4 38. Rxb7 Rxe4 39. Rxh7
Re1+ 40. Kg2 Re2+ 41. Kf3 Rxb2 42. Ra7 Rb3+ 43. Ke4 Rxh3 44. Kxe5 Rf3 45. Ke6
g5 46. Ke5 Rf4 47. Rxa6 1/2-1/2

[Event "12. LSS Anni F-00015"]
[Site "LSS"]
[Date "2019.01.04"]
[Round "5.12"]
[White "Bertani, G."]
[Black "Bogner, Sebastian"]
[Result "1/2-1/2"]
[WhiteElo "2433"]
[BlackElo "2714"]
[PlyCount "122"]
[EventDate "2019.03.01"]
[SourceTitle "CBM 189"]
[Source "ChessBase"]
[SourceDate "2019.04.29"]
[SourceVersion "1"]
[SourceVersionDate "2019.04.29"]
[SourceQuality "1"]

1. e4 c5 2. Nf3 d6 3. d4 cxd4 4. Nxd4 Nf6 5. Nc3 Nc6 6. Be2 e5 7. Nb3 Be7 8.
Be3 Be6 9. Qd2 O-O 10. O-O a5 11. Rad1 a4 12. Nc1 a3 13. b3 Rc8 14. Bf3 Nb4 15.
Nd5 Bxd5 16. Qxb4 Bc6 17. Ne2 Qe8 18. Ng3 d5 19. Qa5 Ra8 20. Qc7 dxe4 21. Be2
Bd8 22. Qd6 Qe7 23. Bc5 Qxd6 24. Bxd6 Re8 25. c4 g6 26. b4 b6 27. Rc1 Nd7 28.
Rfd1 f5 29. Rc3 Nf8 30. Nf1 Be7 31. b5 Bd7 32. Bxe5 Bb4 33. Rb3 Bc5 34. Bd6 Ne6
35. Bxc5 Nxc5 36. Rc3 Be6 37. Ne3 Kf7 38. Rd6 Reb8 39. Nc2 Ke7 40. Rd1 Ra4 41.
f3 Kf6 42. Bf1 Nb7 43. fxe4 fxe4 44. Rxa3 Rba8 45. Rxa4 Rxa4 46. a3 Ke5 47. Kf2
Nc5 48. Rd8 Bxc4 49. Bxc4 Rxc4 50. Nb4 Rc3 51. Nc6+ Kf4 52. Rf8+ Kg5 53. Ra8
Rc2+ 54. Kg3 Ne6 55. Ra4 Rc3+ 56. Kf2 Nf4 57. Rxe4 Rxa3 58. Nd4 Nd3+ 59. Ke2
Nc1+ 60. Kf2 Nd3+ 61. Ke2 Nf4+ 1/2-1/2

[Event "UKR-ch 87th"]
[Site "Kiev"]
[Date "2018.12.20"]
[Round "9"]
[White "Kovchan, Alexander"]
[Black "Baklan, Vladimir"]
[Result "1/2-1/2"]
[WhiteElo "2575"]
[BlackElo "2608"]
[PlyCount "36"]
[EventDate "2018.12.11"]
[EventType "tourn"]
[EventRounds "9"]
[EventCountry "UKR"]
[EventCategory "15"]
[SourceTitle "OM OTB B 201907"]
[Source "Opening Master"]
[SourceDate "2019.07.06"]
[SourceVersion "2"]
[SourceVersionDate "2019.07.06"]
[SourceQuality "1"]

1. e4 c5 2. Nf3 Nc6 3. d4 cxd4 4. Nxd4 Nf6 5. Nc3 d6 6. Be2 e5 7. Nf3 h6 8. O-O
Be7 9. Re1 O-O 10. Bf1 Bg4 11. h3 Bh5 12. Be3 Rc8 13. a3 Kh8 14. Rc1 a6 15. g4
Bg6 16. Nh4 Bxe4 17. Nxe4 Nxe4 18. Nf5 Bg5 1/2-1/2

[Event "Zadar op-B 25th"]
[Site "Zadar"]
[Date "2018.12.18"]
[Round "5"]
[White "Miskovic, Bozo"]
[Black "Doric, Nenad"]
[Result "1/2-1/2"]
[WhiteElo "2019"]
[BlackElo "2261"]
[PlyCount "43"]
[EventDate "2018.12.15"]
[EventType "swiss"]
[EventRounds "9"]
[EventCountry "CRO"]
[SourceTitle "OM OTB B 201907"]
[Source "Opening Master"]
[SourceDate "2019.07.06"]
[SourceVersion "2"]
[SourceVersionDate "2019.07.06"]
[SourceQuality "1"]

1. e4 c5 2. Nf3 d6 3. d4 cxd4 4. Nxd4 Nf6 5. Nc3 Nc6 6. Be2 e5 7. Nb3 Be7 8.
O-O O-O 9. f4 a5 10. a4 Nb4 11. Be3 Be6 12. f5 Bd7 13. Bf3 Bc6 14. Nd2 d5 15.
exd5 Nbxd5 16. Nxd5 Bxd5 17. Bxd5 Qxd5 18. b3 Bc5 19. Qe2 Bxe3+ 20. Qxe3 Ng4
21. Qe2 Nf6 22. Nc4 1/2-1/2

[Event "London Classic op"]
[Site "London"]
[Date "2018.12.15"]
[Round "8"]
[White "Lane, Ryan"]
[Black "Semprun Martinez, Fernando M"]
[Result "0-1"]
[WhiteElo "1723"]
[BlackElo "2091"]
[PlyCount "146"]
[EventDate "2018.12.09"]
[EventType "swiss"]
[EventRounds "9"]
[EventCountry "ENG"]
[SourceTitle "OM OTB B 201907"]
[Source "Opening Master"]
[SourceDate "2019.07.06"]
[SourceVersion "2"]
[SourceVersionDate "2019.07.06"]
[SourceQuality "1"]

1. e4 c5 2. Nf3 Nc6 3. d4 cxd4 4. Nxd4 Nf6 5. Nc3 d6 6. Be2 e5 7. Nf3 Be7 8. h3
O-O 9. Be3 a6 10. O-O b5 11. a3 Bb7 12. Nh2 Na5 13. Qd3 Nc4 14. Bc1 Rc8 15. Ng4
Nd7 16. Qg3 Bh4 17. Qf3 f5 18. Bxc4+ Rxc4 19. Ne3 Rxc3 20. bxc3 Bxe4 21. Qe2 f4
22. Nd1 Bd5 23. Qg4 Be7 24. Nb2 Nf6 25. Qd1 Qc7 26. Bd2 Qc6 27. f3 Nd7 28. Qe2
Bd8 29. Kh2 Nb6 30. Qf2 Be6 31. Qe1 Bf5 32. Qd1 Bh4 33. Be1 Bxe1 34. Qxe1 Bxc2
35. Qd2 Bb3 36. Rfc1 d5 37. Nd3 Qd6 38. Qe2 Nc4 39. Rcb1 Ba4 40. Nb2 Bb3 41.
Nxc4 Bxc4 42. Qf2 e4 43. fxe4 dxe4 44. Re1 e3 45. Qf3 e2 46. Kh1 Re8 47. Rac1
h6 48. Rc2 Kh7 49. Qg4 Qd3 50. Rcc1 Qe4 51. Qf3 Qf5 52. Qg4 Qe5 53. Rc2 Re6 54.
Qf3 Qf5 55. Rcxe2 Bxe2 56. Rxe2 Rg6 57. Qe4 Qxe4 58. Rxe4 Rc6 59. Rxf4 Rxc3 60.
a4 Rc4 61. Rf5 Rxa4 62. Kg1 Kg6 63. Rc5 b4 64. Kf2 a5 65. Ke3 Ra3+ 66. Kd4 b3
67. Kc3 a4 68. Rb5 Ra2 69. g3 Rc2+ 70. Kd3 Rg2 71. Rb6+ Kh7 72. g4 b2 73. Kc3
a3 0-1

[Event "BAN-chT"]
[Site "Dhaka"]
[Date "2018.12.14"]
[Round "9.4"]
[White "Ahmed, Shafiq"]
[Black "Bhuiyan, Golam Mostafa"]
[Result "0-1"]
[WhiteElo "2165"]
[BlackElo "2079"]
[PlyCount "76"]
[EventDate "2018.12.06"]
[EventType "team-tourn"]
[EventRounds "11"]
[EventCountry "BAN"]
[SourceTitle "OM OTB B 201907"]
[Source "Opening Master"]
[SourceDate "2019.07.06"]
[SourceVersion "2"]
[SourceVersionDate "2019.07.06"]
[SourceQuality "1"]
[WhiteTeam "Titas CC"]
[BlackTeam "Sultana Kamal Smirity Pathagar"]
[WhiteTeamCountry "BAN"]
[BlackTeamCountry "BAN"]

1. e4 c5 2. Nf3 Nc6 3. d4 cxd4 4. Nxd4 Nf6 5. Nc3 d6 6. Be2 e5 7. Nf3 h6 8. O-O
Be7 9. Be3 Be6 10. Qc1 O-O 11. Rd1 Qc7 12. Qd2 Rfd8 13. Nd5 Bxd5 14. exd5 Nb8
15. h3 Nbd7 16. c4 a5 17. Nh2 Ne4 18. Qc2 Ndc5 19. Nf1 Rf8 20. g4 Qd7 21. f3
Ng5 22. Bxc5 dxc5 23. Kg2 f5 24. Ng3 g6 25. h4 Nf7 26. h5 Nd6 27. hxg6 Bg5 28.
Nh5 Rae8 29. Re1 e4 30. f4 Bf6 31. Kh3 Bd4 32. Rg1 Bxg1 33. Rxg1 e3 34. Ng3 Ne4
35. Nxf5 Rxf5 36. gxf5 Qxf5+ 37. Kg2 Qxf4 38. Bd3 Qg3+ 0-1

[Event "TCh-BAN Premier 2018"]
[Site "Dhaka BAN"]
[Date "2018.12.11"]
[Round "6.1"]
[White "Minhazuddin, A."]
[Black "Das, Arg"]
[Result "1/2-1/2"]
[WhiteElo "2290"]
[BlackElo "2430"]
[PlyCount "61"]
[EventDate "2018.12.06"]
[EventType "team"]
[EventRounds "11"]
[EventCountry "BAN"]
[SourceTitle "The Week in Chess 1258"]
[Source "Mark Crowther"]
[SourceDate "2018.12.17"]
[SourceVersion "1"]
[SourceVersionDate "2018.12.17"]
[SourceQuality "2"]
[WhiteTeam "Bangladesh Navy"]
[BlackTeam "Golden Sporting Club"]

1. e4 c5 2. Nf3 Nc6 3. d4 cxd4 4. Nxd4 Nf6 5. Nc3 d6 6. Be2 e5 7. Nb3 Be7 8.
O-O O-O 9. Kh1 a5 10. a4 Nb4 11. f4 Bd7 12. Be3 Qc7 13. Bf3 Bc6 14. Rf2 b6 15.
Rd2 Qb7 16. fxe5 dxe5 17. Bg5 Rfd8 18. Rxd8+ Rxd8 19. Qe2 Ne8 20. Be3 Nd6 21.
Bf2 Qc7 22. Nc1 Bb7 23. Nd3 Ba6 24. Nb5 Bxb5 25. axb5 Nxd3 26. Qxd3 Nb7 27. Qe2
Bc5 28. Be1 Nd6 29. Rd1 Bd4 30. c3 Bc5 31. Rd5 1/2-1/2

[Event "BAN-chT"]
[Site "Dhaka"]
[Date "2018.12.10"]
[Round "5.1"]
[White "Hamid, Rani"]
[Black "Rahman, Ziaur"]
[Result "0-1"]
[WhiteElo "1932"]
[BlackElo "2468"]
[PlyCount "72"]
[EventDate "2018.12.06"]
[EventType "team-tourn"]
[EventRounds "11"]
[EventCountry "BAN"]
[SourceTitle "OM OTB B 201907"]
[Source "Opening Master"]
[SourceDate "2019.07.06"]
[SourceVersion "2"]
[SourceVersionDate "2019.07.06"]
[SourceQuality "1"]
[WhiteTeam "Fire Service & Civil Defense"]
[BlackTeam "Saif Sporting Club"]
[WhiteTeamCountry "BAN"]
[BlackTeamCountry "BAN"]

1. e4 c5 2. Nf3 d6 3. d4 cxd4 4. Nxd4 Nf6 5. Nc3 Nc6 6. Be2 e5 7. Nb3 Be7 8.
Bg5 O-O 9. O-O a5 10. a4 Be6 11. Qd2 Nb4 12. Kh1 h6 13. Bxf6 Bxf6 14. Nd5 Bg5
15. Qd1 Nxd5 16. exd5 Bd7 17. Nd2 f5 18. Nc4 Qc7 19. Qd3 b5 20. axb5 Bxb5 21.
b3 e4 22. Qh3 a4 23. f4 Bf6 24. Rae1 Bxc4 25. Bxc4 Bb2 26. Bb5 a3 27. Bc6 Ra7
28. c4 a2 29. Ba4 Qc5 30. Rd1 Qa3 31. c5 a1=Q 32. Rxa1 Bxa1 33. cxd6 Rxa4 34.
bxa4 Qxh3 35. gxh3 Bc3 36. Rc1 Bd2 0-1

[Event "BL2 Sued 1819 (Women)"]
[Site "Germany"]
[Date "2018.12.09"]
[Round "5.5"]
[White "Reuter, Elisa"]
[Black "Djalalova, Nigora"]
[Result "1-0"]
[WhiteElo "1839"]
[BlackElo "1958"]
[PlyCount "81"]
[EventDate "2018.10.27"]
[EventType "team-tourn"]
[EventRounds "7"]
[EventCountry "GER"]
[SourceTitle "OM OTB B 201907"]
[Source "Opening Master"]
[SourceDate "2019.07.06"]
[SourceVersion "2"]
[SourceVersionDate "2019.07.06"]
[SourceQuality "1"]
[WhiteTeam "Erfurt Medizin (W)"]
[BlackTeam "Stuttgart Wolfbusch (W)"]
[WhiteTeamCountry "GER"]
[BlackTeamCountry "GER"]

1. e4 c5 2. Nf3 d6 3. d4 cxd4 4. Nxd4 Nc6 5. Nc3 Nf6 6. Be2 e5 7. Nb3 Be7 8.
O-O O-O 9. Kh1 a5 10. Bb5 Be6 11. f4 Na7 12. Be2 exf4 13. Bxf4 d5 14. e5 Ne4
15. Nxe4 dxe4 16. Qxd8 Bxd8 17. Nc5 Bd5 18. Rad1 Bc6 19. e6 fxe6 20. Nxe6 Re8
21. Be3 Bb5 22. c4 Ba4 23. Rxd8 Raxd8 24. Nxd8 Rxd8 25. Bxa7 Rd2 26. Bg4 h6 27.
Be6+ Kh8 28. Rf8+ Kh7 29. Bf5+ g6 30. Bxe4 Kg7 31. Rf1 Bc6 32. Bxc6 bxc6 33. a3
a4 34. h3 h5 35. Rf2 Rd1+ 36. Kh2 Rc1 37. Bd4+ Kg8 38. Bc3 c5 39. Rf6 Kh7 40.
Rc6 Rf1 41. Rxc5 1-0

[Event "BAN-chT"]
[Site "Dhaka"]
[Date "2018.12.06"]
[Round "1.1"]
[White "Uten"]
[Black "Rahman, Ziaur"]
[Result "0-1"]
[WhiteElo "2114"]
[BlackElo "2468"]
[PlyCount "86"]
[EventDate "2018.12.06"]
[EventType "team-tourn"]
[EventRounds "11"]
[EventCountry "BAN"]
[SourceTitle "OM OTB B 201907"]
[Source "Opening Master"]
[SourceDate "2019.07.06"]
[SourceVersion "2"]
[SourceVersionDate "2019.07.06"]
[SourceQuality "1"]
[WhiteTeam "Esoft Arena CC"]
[BlackTeam "Saif Sporting Club"]
[WhiteTeamCountry "BAN"]
[BlackTeamCountry "BAN"]

1. e4 c5 2. Nf3 d6 3. d4 cxd4 4. Nxd4 Nf6 5. Nc3 Nc6 6. Be2 e5 7. Nf3 h6 8. O-O
Be7 9. h3 O-O 10. Be3 Be6 11. Nh2 d5 12. exd5 Nxd5 13. Nxd5 Bxd5 14. Qd2 Be6
15. Rfd1 Qc7 16. a3 f5 17. Qc3 Bf6 18. Bc4 Qf7 19. Bxe6 Qxe6 20. Qc5 f4 21. Bd2
b6 22. Qb5 Nd4 23. Qa6 Nxc2 24. Rac1 Nd4 25. Ng4 Nb3 26. Bb4 Nxc1 27. Bxf8 Rxf8
28. Rxc1 e4 29. Nxf6+ Rxf6 30. Qxa7 e3 31. Re1 Qd5 32. Qa6 Rg6 33. Qf1 f3 34.
Rxe3 Rxg2+ 35. Kh1 Rg6 36. Qd3 Qg5 37. Qc4+ Kh7 38. Qf1 Qf5 39. a4 Rd6 40. Kh2
Qf4+ 41. Kh1 Qf5 42. b4 Rd1 43. Kh2 Rd4 0-1

[Event "Zagreb Hulak Memorial 3rd"]
[Site "Zagreb"]
[Date "2018.12.02"]
[Round "2"]
[White "Kristovic, Marijan"]
[Black "Martinovic, Sasa"]
[Result "0-1"]
[WhiteElo "2197"]
[BlackElo "2554"]
[PlyCount "100"]
[EventDate "2018.12.01"]
[EventType "swiss"]
[EventRounds "9"]
[EventCountry "CRO"]
[SourceTitle "OM OTB B 201907"]
[Source "Opening Master"]
[SourceDate "2019.07.06"]
[SourceVersion "2"]
[SourceVersionDate "2019.07.06"]
[SourceQuality "1"]

1. e4 c5 2. Nf3 Nc6 3. d4 cxd4 4. Nxd4 Nf6 5. Nc3 d6 6. Be2 e5 7. Nb3 Be7 8.
Bg5 Be6 9. Qd2 a5 10. a4 O-O 11. O-O Nb4 12. Rfd1 Rc8 13. Bf3 h6 14. Be3 Re8
15. h3 Bf8 16. Rac1 b6 17. Qe1 Nxc2 18. Rxc2 Bxb3 19. Rcd2 Bxd1 20. Qxd1 Qc7
21. Be2 Qb7 22. f3 Red8 23. Bb5 d5 24. exd5 Bc5 25. Bxc5 Rxc5 26. d6 Qc8 27. d7
Qb7 28. Rd6 Rxb5 29. Nxb5 Rxd7 30. Qc2 Rxd6 31. Nxd6 Qd7 32. Nf5 h5 33. g4 g6
34. Qc8+ Qxc8 35. Ne7+ Kg7 36. Nxc8 Nd5 37. gxh5 gxh5 38. h4 Kf6 39. Nd6 Ne3
40. b3 Ke6 41. Nc8 Kd7 42. Nxb6+ Kc7 43. Kf2 Nd1+ 44. Ke2 Kxb6 45. Kxd1 Kc5 46.
Kd2 Kb4 47. Kc2 f6 48. Kb2 f5 49. Kc2 f4 50. Kb2 e4 0-1

[Event "Goiania Regional-ch"]
[Site "Goiania"]
[Date "2018.12.01"]
[Round "3"]
[White "Franca, Jairo Jr"]
[Black "Diamant, Andre"]
[Result "0-1"]
[WhiteElo "1870"]
[BlackElo "2539"]
[PlyCount "48"]
[EventDate "2018.11.30"]
[EventType "tourn"]
[EventRounds "10"]
[EventCountry "BRA"]
[SourceTitle "OM OTB B 201907"]
[Source "Opening Master"]
[SourceDate "2019.07.06"]
[SourceVersion "2"]
[SourceVersionDate "2019.07.06"]
[SourceQuality "1"]

1. e4 c5 2. Nf3 Nc6 3. d4 cxd4 4. Nxd4 Nf6 5. Nc3 d6 6. Be2 e5 7. Nf3 Be7 8.
O-O O-O 9. Bg5 Be6 10. Qd2 Ne8 11. Bxe7 Qxe7 12. Rad1 Rd8 13. Qe3 Nf6 14. h3 a6
15. Rd2 Qc7 16. Rdd1 b5 17. a3 Na5 18. b3 h6 19. Rd3 Rfe8 20. Nh4 Nc6 21. Nd5
Bxd5 22. exd5 Nd4 23. c3 Nxd5 24. Qd2 Nxc3 0-1